Chargement en cours...

ATMOPADESA SATAKAM

Détails bibliographiques
Auteur principal: NITHYACHAITHANYAYATHY
Format: Printed Book
Publié: CALICUT THE MATHRUBHUMI PRINTING & PUBLISHING CO.LTD. 1988
Sujets:
LEADER 00494nam a2200169 4500
020
082 |a 181.4 NIT 
100 |a NITHYACHAITHANYAYATHY 
245 |a ATMOPADESA SATAKAM  |h MALAYALAM 
250
260 |a CALICUT  |b THE MATHRUBHUMI PRINTING & PUBLISHING CO.LTD.  |c 1988 
300 |a 140 p  |f PB 
650 |a ATMOPADESA SATAKAM 
700
942 |c TB 
999 |c 155641  |d 155641 
952 |0 0  |1 0  |4 0  |6 181_400000000000000_NIT  |7 0  |9 169098  |a ORI  |b ORI  |l 0  |o 181.4 NIT  |p ORI4201/M  |r 2019-10-25  |w 2019-10-25  |y TB